|
|
|
|
| LEADER |
00000nam0a2200000 4500 |
| 001 |
101297 |
| 005 |
20231101214346.0 |
| 010 |
|
|
|a 5947237989
|
| 035 |
|
|
|a (RuTPU)RU\TPU\book\109169
|
| 090 |
|
|
|a 101297
|
| 100 |
|
|
|a 20060908d2005 km y0rusy50 ca
|
| 101 |
0 |
|
|a rus
|
| 102 |
|
|
|a RU
|
| 105 |
|
|
|a a z 000zy
|
| 200 |
1 |
|
|a Управление продажами
|f В. Вертоградов
|
| 205 |
|
|
|a 2-е изд., перераб. и доп.
|
| 210 |
|
|
|a СПб.
|c Питер
|d 2005
|
| 215 |
|
|
|a 240 с.
|c ил.
|
| 225 |
1 |
|
|a Маркетинг для профессионалов
|
| 225 |
1 |
|
|a Продажи на 100%
|
| 330 |
|
|
|a Книга представляет собой уникальное и редкое для данной темы сочетание теории и практики. Автор рассматривает систему управления продажами в целом, а не «искусство продаж» или другие отдельные части процесса. Он затрагивает широчайший спектр вопросов: от построения организационной структуры отдела продаж до создания партнерской сети, при этом не учит, а щедро делится опытом, накопленным разными фирмами, и предлагает обсудить интересные идеи, связанные с организацией продаж и управлением ими. Текст иллюстрируется множеством примеров. Несомненным достоинством книги является живой, легкий язык изложения. В приложениях вы найдете обзор наиболее интересной современной литературы по продажам и блок профессионального «продажного» юмора.
|
| 606 |
1 |
|
|a Продажи
|x Управление
|2 stltpush
|3 (RuTPU)RU\TPU\subj\67713
|9 83405
|
| 610 |
1 |
|
|a экономика
|
| 610 |
1 |
|
|a торговля
|
| 610 |
1 |
|
|a продажи
|
| 610 |
1 |
|
|a стратегии
|
| 610 |
1 |
|
|a стратегическая торговля
|
| 610 |
1 |
|
|a отдел продаж
|
| 610 |
1 |
|
|a организационная структура
|
| 610 |
1 |
|
|a продукция
|
| 610 |
1 |
|
|a персонал
|
| 610 |
1 |
|
|a обучение
|
| 610 |
1 |
|
|a мотивации
|
| 610 |
1 |
|
|a информационные технологии
|
| 610 |
1 |
|
|a оперативное управление
|
| 610 |
1 |
|
|a прогнозирование
|
| 610 |
1 |
|
|a маркетинг
|
| 610 |
1 |
|
|a партнеры
|
| 610 |
1 |
|
|a клиенты
|
| 610 |
1 |
|
|a государственный сектор
|
| 686 |
|
|
|a У9(2)421
|v LBC/SL-A
|2 rubbk
|
| 700 |
|
1 |
|a Вертоградов
|b В.
|g Владимир
|
| 801 |
|
1 |
|a RU
|b 63413507
|c 20060908
|g PSBO
|
| 801 |
|
2 |
|a RU
|b 63413507
|c 20211028
|g PSBO
|
| 900 |
|
|
|a Технологии продаж
|
| 900 |
|
|
|a Управление продажами
|
| 942 |
|
|
|c BK
|
| 959 |
|
|
|a 76/20060901
|d 1
|e 104,00
|f ЧЗГЛ:1
|